Petit Bac #96 - Footballeurs internationaux Français (par prénom) - Statistiques

Statistiques générales
  • Ce quiz a été pris 12 732 fois
  • Le résultat moyen est 18 sur 25
Statistiques - réponses
1ère Lettre Nom du joueur % Correct
A Abdelaziz / Abdelkader / Abderrahman / Abderrahmane / Abdesselem / Abel / Abou / Adil / Adolphe / Adrien / Ahmed / Aimé / Alain / Alassane / Albert / Alexandre / Alexis / Alfred / Ali / Alou / Alphonse / Aly / Amara / André / André-Pierre / Ángel / Anthony / Antoine / Antonio / Armand / Auguste / Augustin
98%
D Daniel / Dario / David / Dayot / Denis / Désiré / Didier / Dimitri / Djibril / Dominique
88%
F Fabien / Fabrice / Farès / Félix / Ferenc / Ferdinand / Ferland / Fernand / Fleury / Florent / Florian / Francis / Franck / François / Frank / Frédéric / Fritz
87%
B Bacary / Bafétimbi / Basile / Benjamin / Benoît / Bernard / Bixente / Blaise / Bolek / Bruno
86%
C Camel / Carlos / Carmelo / Casimir / Cédric / Célestin / César / Charles / Charly / Christian / Christophe / Claude / Clément / Corentin / Curt / Cyrille
86%
L Ladislas / Larbi / Lassana / Laurent / Layvin / Lazare / Léo / Léon / Léonard / Lilian / Lionel / Loïc / Louis / Luc / Lucas / Lucien / Ludovic / Luis
86%
P Pascal / Patrice / Patrick / Paul / Paul-Émile / Paul-Georges / Peguy / Philippe / Pierre / Pierrick / Pol / Presnel
85%
K Karim / Kevin / Khennane / Kingsley / Kurt / Kylian
84%
M Maik / Mamadou / Manuel / Mapou / Marc / Marceau / Marcel / Marcus / Mario / Marius / Martin / Marvin / Maryan / Mathieu / Matthieu / Maurice / Max / Maxime / Michaël / Michel / Mickaël / Mikaël / Mike / Morgan / Moussa / Mustapha
82%
J Jacques / Jean / Jean-Alain / Jean-Christophe / Jean-Claude / Jean-François / Jean-Jacques / Jean-Louis / Jean-Luc / Jean-Marc / Jean-Marie / Jean-Michel / Jean-Noël / Jean-Paul / Jean-Philippe / Jean-Pierre / Jérémie / Jérémy / Jérôme / Jimmy / Jocelyn / Joël / Johan / Jonathan / José / Joseph / Jules / Julien / Just / Juste / Justin
80%
H Hatem / Hector / Henri / Hervé / Houssem / Hugo
79%
O Olivier / Omar / Oscar / Ousmane
79%
E Edmond / Édouard / Eduardo / Eliaquim / Émile / Émilien / Emmanuel / Éric / Ernest / Étienne / Eugène
77%
G Gabriel / Gaël / Gaston / Geoffrey / Georges / Gérald / Gérard / Gilbert / Gilles / Grégoire / Grégory / Guillaume / Gustave / Guy
77%
S Sabri / Sadi / Saïd / Samir / Samuel / Sauveur / Sébastien / Serge / Sidney / Simon / Stanislas / Stéphane / Steve / Steven / Sylvain
76%
R Rachid / Raoul / Raphaël / Raymond / Rémi / Rémy / René / Reynald / Richard / Rio / Robert / Rod / Rodolphe / Roger / Roland / Ruben
75%
Z Zacharie / Zinédine / Zoumana
75%
N N'Golo / Nabil / Nestor / Nicolas / Noël
67%
T Tanguy / Thadée / Théodore / Thierry / Thomas / Tiémoué / Tony
67%
Y Yann / Yannick / Yoann / Yohan / Younès / Youri / Yvan / Yves / Yvon
59%
X Xavier / Xercès
56%
V Victor / Vikash / Vincent
53%
W William / Willy / Wissam
48%
U Ulrich / Ulysse / Urbain / Ursule
29%
I Ibrahim / Ignace
20%
Aucun quiz correspondant
Distribution des résultats
% des personnes avec chaque résultat
Percentile par nombre de réponses
Votre historique - résultats
Vous n’avez pas pris ce quiz